Movies Quiz

Random Movies Quiz

Sheep chant from the movie 'Babe' Quiz Stats

 Plays Quiz not verified by Sporcle

Challenge
Share
Tweet
Embed
Score 0/21 Timer 01:00
0 Plays Today
% Correct
Baa-
95.7%
baa-
95.7%
Baa-
95.7%
ram-
91.3%
ram-
91.3%
ram-
91.3%
ewe,
85.5%
ewe.
85.5%
ewe.
85.5%
true.
72.5%
Sheep
72.5%
% Correct
true.
72.5%
your
69.6%
your
69.6%
your
69.6%
be
69.6%
be
69.6%
To
65.2%
fleece,
50.7%
breed,
44.9%
clan
43.5%

You're not logged in!

Compare scores with friends on all Sporcle quizzes.
Join for Free
OR
Log In

You Might Also Like...

Show Comments

Extras

Created Sep 3, 2011ReportNominate
Tags:babe, chant, sheep

Top Quizzes Today


Score Distribution

Your Account Isn't Verified!

In order to create a playlist on Sporcle, you need to verify the email address you used during registration. Go to your Sporcle Settings to finish the process.

Report this User

Report this user for behavior that violates our Community Guidelines.

Details: